عرض عادي
عرض مارك
- المكتبات (مهنة)
مدخل مصطلح موضوعي
001 - رقم الضبط
- حقل الضبط: 98812
003 - معرف رقم الضبط
- حقل الضبط: OSt
005 - تاريخ ووقت أخر عملية
- حقل الضبط: 20220828085604.0
008 - عناصر بيانات ثابتة الطول
- حقل تحكم ثابت الطول: 220828|| aca||aabn | a|a d
040 ## - مصدر الفهرسة
- هيئة الفهرسة الأصلية: OSt
- وكالة الكتابة: OSt
150 ## - مدخل-- مصطلح تاريخي
- عنصر مدخل المصطلح الموضوعي او الاسم الجغرافي: المكتبات (مهنة)
670 ## - بيانات المصدر موجوده
- الاستشهاد بالمصدر: Work cat.: (OSt): دبيس، ماجد 98810, علم المكتبات وما يحتاجه أمين المكتبة /
